| 000 | 00348nam a2200133Ia 4500 | ||
|---|---|---|---|
| 008 | 240624s9999 xx 000 0 und d | ||
| 041 | _aeng | ||
| 082 | _a658.422 PHA | ||
| 100 | _aPHAN PHILLIP H | ||
| 245 | _aTAKING BACK THE BOARDROOM BETTER DIRECTI | ||
| 260 |
_c2000 _aSingapore _bMcGrawhill |
||
| 300 | _axxi, : 249 : p. : cm. ; 24 | ||
| 365 | _cRS | ||
| 999 |
_c1173 _d1173 |
||